ბათუმის შოთა რუსთაველის სახელმწიფო უნივერსიტეტის ბიბლიოთეკა

Red Mars (ბიბ.ჩანაწერი № 46579)

000 -LEADER
fixed length control field 00432nam a2200205Ia 4500
001 - CONTROL NUMBER
control field 13418
003 - CONTROL NUMBER IDENTIFIER
control field GE_BSU
008 - FIXED-LENGTH DATA ELEMENTS--GENERAL INFORMATION
fixed length control field 181216s||||||||xx |||||||||||||| ||und||
020 ## - INTERNATIONAL STANDARD BOOK NUMBER
International Standard Book Number 9780586213896
040 ## - CATALOGING SOURCE
Transcribing agency GE_BSU
080 ## - UNIVERSAL DECIMAL CLASSIFICATION NUMBER
Universal Decimal Classification number 821.111-3
100 ## - MAIN ENTRY--PERSONAL NAME
Personal name Robinson,Kim Stanley
245 ## - TITLE STATEMENT
Title Red Mars
260 ## - PUBLICATION, DISTRIBUTION, ETC.
Place of publication, distribution, etc. London
260 ## - PUBLICATION, DISTRIBUTION, ETC.
Name of publisher, distributor, etc. Harper Collins
260 ## - PUBLICATION, DISTRIBUTION, ETC.
Date of publication, distribution, etc. 1992
300 ## - PHYSICAL DESCRIPTION
Extent 669p.18cm.
653 ## - INDEX TERM--UNCONTROLLED
Uncontrolled term Red Mars
942 ## - ADDED ENTRY ELEMENTS (KOHA)
Koha item type წიგნი
ეგზემპლარები
Withdrawn status Lost status Damaged status Not for loan Date acquired Barcode Date last seen Price effective from Koha item type
        2018-12-17 36711 2018-12-17 2018-12-17 წიგნი